00838nam a2200241 a 450000100060000000300080000600500170001400800410003103500230007203500190009503500170011404000520013104100080018308200210019110000480021224500520026026000580031230000260037049000510039650400420044765000550048983000520054447686BD-RjUL20211209054353.0160810s1966 enk b 000 0 eng  a(OCoLC)ocm00970989 a(BD-RjUL)47805 a(NNC)2542787 aDLCcOUNdSERdOCLdCSUdUKMdZCUdBD-RjULbeng aeng a378.42bMOB 19661 aMountford, J. F.q(James Frederick),d1897-10aBritish universitiesc[by] Sir James Mountford. aLondon ;aNew York :bOxford University Press,c1966. aviii, 180 p.;c20 cm.1 aOxford paperbacks university series ;vopus 14 a"Bibliographical note": p. [170]-171. 0aUniversities and collegeszGreat BritainxHistory. 0aOxford paperbacks university series ;vopus 14.